000
00210 a2200097 4500
001
11783
100
_a
Strang. L.
245
_a
Britain in world affairs
260
_a
_b
Faber and Faber
_c
090
_c
9039
_d
9039
942
_a
NUST-CAE
_c
M
_c
35866
999
_c
246856
_d
246856